Zavádzanie Priemyslu 5.0 v podnikoch
Veľký vplyv na globálnu ekonomiku a spôsob, akým podniky fungujú v rôznych odvetviach má Priemysel 4.0, známy aj ako štvrtá priemyselná revolúcia. Táto technológia pomáha urobiť spoločnosti agilnejšími, efektívnejšími a dokonca šetrnejšími k životnému prostrediu. Jednou z najväčších vlastností Priem...
Saved in:
| Main Author: | |
|---|---|
| Other Authors: | |
| Format: | Book Chapter |
| Language: | Slovak |
| Subjects: | |
| Tags: |
No Tags, Be the first to tag this record!
|
MARC
| LEADER | 00000naa$a2200000$$$4500 | ||
|---|---|---|---|
| 001 | 0313946 | ||
| 005 | 20260114090122.8 | ||
| 041 | 0 | |a slo | |
| 044 | |a SK | ||
| 245 | 1 | 0 | |a Zavádzanie Priemyslu 5.0 v podnikoch |c Jaroslav Dugas, Martin Bosák |
| 520 | |a Veľký vplyv na globálnu ekonomiku a spôsob, akým podniky fungujú v rôznych odvetviach má Priemysel 4.0, známy aj ako štvrtá priemyselná revolúcia. Táto technológia pomáha urobiť spoločnosti agilnejšími, efektívnejšími a dokonca šetrnejšími k životnému prostrediu. Jednou z najväčších vlastností Priemyslu 4.0 je využitie prepojených technológií, ktoré umožňujú podnikom vymieňať si údaje v reálnom čase, optimalizovať procesy, znižovať náklady a zlepšovať kvalitu. | ||
| 610 | 2 | 0 | |a bohatstvo |
| 610 | 2 | 0 | |a produkt domáci hrubý |
| 610 | 2 | 0 | |a kvalita života |
| 610 | 2 | 0 | |a Európska banka pre obnovu a rozvoj |
| 610 | 2 | 0 | |a Európska únia |
| 100 | 1 | |a Dugas, Jaroslav, 1967- | |
| 700 | 1 | |a Bosák, Martin, 1967- | |